00421nam a2200121Ia 4500008004100000245007600041245001600117260000900133650001400142856005100156999001900207952007300226171211s9999 xx 000 0 und d 4aThe Mask of Nostradamus: The Prophecies of the World's Most Famous Seer cJames Randi c1993 xBiography uhttp://down.ebook777.com/058/9780879758301.pdf c349992d349992 001040aCLbCLd2017-12-11l0r2017-12-11 00:00:00w2017-12-11yCBE